• 首页
  • 本馆介绍
  • 公告通知
  • 最新文献
  • 馆藏检索
  • 电子资源
  • 读者导购
  • 参考咨询
  • 我的图书馆
  • 登录
  • 详细信息显示
  • 放入我的书架
  • 预约/预借图书
  • 作者相关作品
  • 分类相关作品
  • 丛书相关作品
  • 出版社相关作品

书目信息

  • 表格格式
  • 工作单格式
  • 卡片格式
题名:
名师备课新思维
    
 
作者: 雷玲 主编
分册:   语文卷
出版信息: 上海   华东师范大学出版社  2017
页数: 257页
开本: 23cm
丛书名: 大厦书系·教学艺术
单 册:
中图分类: G632.0 , G633.303
科图分类:
主题词: 教学设计--jiao xue she ji--中小学--教学参考资料 , 语文课--yu wen ke--教学设计--中小学--教学参考资料
电子资源:
ISBN: 978-7-5675-5851-9
000 01395nam0 22002891 450
001 1754563902
005 20170516112211.0
010    @a978-7-5675-5851-9@dCNY35.00
100    @a20170320d2017 em y0chiy50 ea
101 0  @achi
102    @aCN@b310000
105    @ay z 000yy
106    @ar
200 1  @a名师备课新思维@9ming shi bei ke xin si wei@i语文卷@f雷玲主编
210    @a上海@c华东师范大学出版社@d2017
215    @a257页@d23cm
225 2  @a大厦书系·教学艺术@9da sha shu xi jiao xue yi shu@v1
314    @a雷玲,女,网名红袖子,曾在大学任教,北京教育音像报刊总社总编室主任,资深教育记者,高级编辑,50余次获教育部新闻奖、北京市新闻奖、全国教育教辅奖等奖项。出版了50余本中小学教师专业用书。其中,专著《梦想触手可及——教育行走与思考》,编著的《成就最好的自己——百年名校的管理智慧》等。
330    @a本书汇编了三十五位老师的备课经验之作,分为三个部分,分别是“有效备课”“创新备课”和“特色备课”。各位老师,其中多数是特级教师和优秀教师结合教学实例,从教学理论角度,或写教学设计思路,或写教师备课须具备的思维,以自己的经验之谈,探究语文备课的新路径。
461  0 @12001@a大厦书系·教学艺术
606 0  @a教学设计@9jiao xue she ji@x中小学@j教学参考资料
606 0  @a语文课@9yu wen ke@x教学设计@x中小学@j教学参考资料
690    @aG632.0@v5
690    @aG633.303@v5
701  0 @a雷玲@9lei ling@4主编
801  0 @aCN@b百万庄@c20170513
905    @b1006806-11@dG632.0@e426@f6
    
    名师备课新思维.语文卷/雷玲主编.-上海:华东师范大学出版社,2017
    257页;23cm.-(大厦书系·教学艺术;1)
    
    
    ISBN 978-7-5675-5851-9:CNY35.00
    本书汇编了三十五位老师的备课经验之作,分为三个部分,分别是“有效备课”“创新备课”和“特色备课”。各位老师,其中多数是特级教师和优秀教师结合教学实例,从教学理论角度,或写教学设计思路,或写教师备课须具备的思维,以自己的经验之谈,探究语文备课的新路径。
●
相关链接 在E读中查询图书 在五车中查询图书 在当当中查询图书 在豆瓣中查询图书


正题名:名师备课新思维     索取号:G632.0/426         预约/预借

序号 登录号 条形码 馆藏地/架位号 状态 备注
1 1006806   210068068   第一样本阅览室/ [索取号:G632.0/426] 在馆    
2 1006807   210068077   教育系资料室/ [索取号:G632.0/426] 在馆    
3 1006808   210068086   教育系资料室/ [索取号:G632.0/426] 在馆    
4 1006809   210068095   教育系资料室/ [索取号:G632.0/426] 在馆    
5 1006810   210068102   第四借阅区/ [索取号:G632.0/426] 在馆    
6 1006811   210068111   第四借阅区/ [索取号:G632.0/426] 在馆    
唐山师范学院图书馆 欢迎您!
大连网信软件有限公司© 版权所有